000 00703cam a2200217 4500
001 5301
005 20181127175204.0
008 980514s1998 ii a 000 0ceng
010 _a 98901283
020 _a9789351941385
042 _alcode
043 _aa-ii---
100 1 _aGokhale, Namita,
_d1956-
245 1 0 _aMountain echoes :
_breminiscences of Kumaoni women /
_cNamita Gokhale.
260 _aNew Delhi :
_bRoli Books,
_c2015.
300 _a164 p. :
_bill. ;
_c22 cm.
500 _aWith personal memories from Mrinal Pande, Ira Pande, Aparna Pande and Ravi Dhavan.
650 0 _aWomen, Kumauni
_xBiography.
650 0 _aWomen, Kumauni
_xHistory.
650 0 _aWomen, Kumauni
_xSocial conditions.
999 _c4447
_d4447